[Event "Rapid 2018"]
[Site "Saint-Petersburg"]
[Date "2018.12.28"]
[Round "11"]
[Board "58"]
[White "Abdusattorov Nodirbek (UZB)"]
[Black "Tregubov Pavel V. (RUS)"]
[Result "1-0"]
[LiveChessVersion "1.4.8"]
[BlackElo "2553"]
[WhiteElo "2312"]

1. d4 {[%clk 0:15:16]} Nf6 {[%clk 0:15:16]} 2. c4 {[%clk 0:15:23]} e6
{[%clk 0:15:23]} 3. Nc3 {[%clk 0:15:31]} Bb4 {[%clk 0:15:31]} 4. e3
{[%clk 0:15:40]} O-O {[%clk 0:15:27]} 5. Bd3 {[%clk 0:15:48]} d5 {[%clk 0:15:36]}
6. Nge2 {[%clk 0:15:56]} dxc4 {[%clk 0:15:36]} 7. Bxc4 {[%clk 0:16:03]} Be7
{[%clk 0:15:44]} 8. O-O {[%clk 0:16:03]} c5 {[%clk 0:15:52]} 9. dxc5
{[%clk 0:15:59]} Bxc5 {[%clk 0:15:39]} 10. a3 {[%clk 0:16:03]} a6
{[%clk 0:14:41]} 11. Bd3 {[%clk 0:15:42]} Be7 {[%clk 0:14:25]} 12. Nd4
{[%clk 0:14:46]} b5 {[%clk 0:13:38]} 13. b4 {[%clk 0:14:16]} Bb7 {[%clk 0:13:36]}
14. Bb2 {[%clk 0:13:51]} Nbd7 {[%clk 0:13:37]} 15. Nb3 {[%clk 0:13:34]} Rc8
{[%clk 0:13:15]} 16. Ne2 {[%clk 0:12:58]} Qc7 {[%clk 0:11:59]} 17. Na5
{[%clk 0:12:12]} Ba8 {[%clk 0:11:57]} 18. Nd4 {[%clk 0:11:36]} Ne5
{[%clk 0:11:29]} 19. Be2 {[%clk 0:11:32]} Nc4 {[%clk 0:07:51]} 20. Nxc4
{[%clk 0:10:47]} bxc4 {[%clk 0:07:59]} 21. Rc1 {[%clk 0:10:50]} Bd5
{[%clk 0:06:43]} 22. Qc2 {[%clk 0:08:00]} Bd6 {[%clk 0:06:15]} 23. h3
{[%clk 0:07:58]} Qb7 {[%clk 0:05:38]} 24. Bf3 {[%clk 0:07:20]} Be5
{[%clk 0:04:30]} 25. Bxd5 {[%clk 0:06:46]} exd5 {[%clk 0:03:37]} 26. Rfd1
{[%clk 0:06:30]} Qc7 {[%clk 0:02:52]} 27. Ne2 {[%clk 0:06:00]} Rfd8
{[%clk 0:02:38]} 28. Bxe5 {[%clk 0:06:04]} Qxe5 {[%clk 0:02:47]} 29. Qc3
{[%clk 0:05:47]} Qf5 {[%clk 0:02:34]} 30. Qd4 {[%clk 0:05:38]} h6
{[%clk 0:02:10]} 31. Nc3 {[%clk 0:05:43]} Rd7 {[%clk 0:01:42]} 32. Rd2
{[%clk 0:05:43]} Re8 {[%clk 0:01:42]} 33. f3 {[%clk 0:05:27]} Re5
{[%clk 0:01:17]} 34. Re1 {[%clk 0:05:07]} Rde7 {[%clk 0:01:25]} 35. f4
{[%clk 0:04:11]} R5e6 {[%clk 0:01:33]} 36. g4 {[%clk 0:04:21]} Qh7
{[%clk 0:01:27]} 37. Nxd5 {[%clk 0:03:52]} Nxd5 {[%clk 0:01:35]} 38. Qxd5
{[%clk 0:04:00]} c3 {[%clk 0:01:25]} 39. Qa8+ {[%clk 0:03:59]} Re8
{[%clk 0:01:34]} 40. Rd8 {[%clk 0:04:09]} Kf8 {[%clk 0:01:24]} 41. f5
{[%clk 0:04:10]} R6e7 {[%clk 0:01:17]} 42. Rc1 {[%clk 0:03:06]} h5
{[%clk 0:01:09]} 43. Rxc3 {[%clk 0:03:11]} Qh6 {[%clk 0:01:19]} 44. Rxe8+
{[%clk 0:02:47]} Rxe8 {[%clk 0:01:28]} 45. Qc6 {[%clk 0:02:13]} Qg5
{[%clk 0:01:36]} 46. Qf3 {[%clk 0:01:45]} Qf6 {[%clk 0:01:15]} 47. Rd3
{[%clk 0:01:36]} h4 {[%clk 0:00:48]} 48. Qf4 {[%clk 0:01:32]} Qa1+
{[%clk 0:00:37]} 49. Kg2 {[%clk 0:01:38]} Rc8 {[%clk 0:00:42]} 50. Rd2
{[%clk 0:01:13]} Qe1 {[%clk 0:00:45]} 51. Qf2 {[%clk 0:01:09]} Qb1
{[%clk 0:00:41]} 52. Qxh4 {[%clk 0:01:13]} Qe4+ {[%clk 0:00:47]} 53. Kf2
{[%clk 0:01:21]} Kg8 {[%clk 0:00:12]} 54. Rd8+ {[%clk 0:01:13]} Rxd8
{[%clk 0:00:22]} 55. Qxd8+ {[%clk 0:01:22]} Kh7 {[%clk 0:00:31]} 56. Qd4
{[%clk 0:01:12]} Qh1 {[%clk 0:00:39]} 57. Kg3 {[%clk 0:01:08]} Qg1+
{[%clk 0:00:47]} 58. Kf4 {[%clk 0:01:16]} Qf1+ {[%clk 0:00:52]} 59. Ke4
{[%clk 0:01:21]} Qxh3 {[%clk 0:00:57]} 60. Kd5 {[%clk 0:01:29]} Qf1
{[%clk 0:01:00]} 61. a4 {[%clk 0:01:26]} Qg2+ {[%clk 0:00:57]} 62. Kd6
{[%clk 0:01:25]} Qb7 {[%clk 0:00:42]} 63. e4 {[%clk 0:00:50]} f6 {[%clk 0:00:20]}
64. a5 {[%clk 0:00:27]} Qb8+ {[%clk 0:00:12]} 65. Kc6 {[%clk 0:00:32]} Qb5+
{[%clk 0:00:17]} 66. Kc7 {[%clk 0:00:39]} Qe8 {[%clk 0:00:23]} 67. Kb6
{[%clk 0:00:36]} Qb5+ {[%clk 0:00:32]} 68. Ka7 {[%clk 0:00:46]} Qe2
{[%clk 0:00:30]} 69. Qd5 {[%clk 0:00:36]} Kh6 {[%clk 0:00:32]} 70. Qb7
{[%clk 0:00:33]} Qc4 {[%clk 0:00:40]} 71. Qd5 {[%clk 0:00:21]} Qxb4
{[%clk 0:00:32]} 72. Kxa6 {[%clk 0:00:27]} Kg5 {[%clk 0:00:41]} 73. Qb7
{[%clk 0:00:25]} Qc4+ {[%clk 0:00:36]} 74. Kb6 {[%clk 0:00:22]} Qb4+
{[%clk 0:00:42]} 75. Kc6 {[%clk 0:00:27]} Qxe4+ {[%clk 0:00:46]} 76. Kc7
{[%clk 0:00:29]} Qe7+ {[%clk 0:00:51]} 77. Kb6 {[%clk 0:00:35]} Qb4+
{[%clk 0:00:59]} 78. Ka6 {[%clk 0:00:44]} Qc4+ {[%clk 0:01:08]} 79. Ka7
{[%clk 0:00:35]} Qd4+ {[%clk 0:01:14]} 80. Qb6 {[%clk 0:00:27]} Qxg4
{[%clk 0:01:22]} 81. a6 {[%clk 0:00:34]} Qxf5 {[%clk 0:01:22]} 82. Kb8
{[%clk 0:00:29]} Qe5+ {[%clk 0:01:22]} 83. Kb7 {[%clk 0:00:29]} Qe7+
{[%clk 0:00:38]} 84. Qc7 {[%clk 0:00:36]} Qb4+ {[%clk 0:00:45]} 85. Kc8
{[%clk 0:00:41]} Qf8+ {[%clk 0:00:48]} 86. Kd7 {[%clk 0:00:42]} Qf7+
{[%clk 0:00:53]} 87. Kd6 {[%clk 0:00:47]} Qf8+ {[%clk 0:01:01]} 88. Kc6
{[%clk 0:00:36]} Qe8+ {[%clk 0:01:09]} 89. Kc5 {[%clk 0:00:37]} Qe3+
{[%clk 0:01:14]} 90. Kb5 {[%clk 0:00:45]} Qb3+ {[%clk 0:01:20]} 91. Ka5
{[%clk 0:00:44]} Qa3+ {[%clk 0:01:27]} 92. Kb6 {[%clk 0:00:50]} Qb4+
{[%clk 0:01:34]} 93. Kc6 {[%clk 0:00:52]} Qc4+ {[%clk 0:01:38]} 94. Kb7
{[%clk 0:01:01]} Qb4+ {[%clk 0:01:34]} 95. Kc8 {[%clk 0:00:59]} Qf8+
{[%clk 0:01:42]} 96. Kd7 {[%clk 0:01:08]} Qf7+ {[%clk 0:01:51]} 97. Kd6
{[%clk 0:01:16]} Qf8+ {[%clk 0:02:00]} 98. Qe7 {[%clk 0:01:11]} Qb8+
{[%clk 0:02:03]} 99. Kc6 {[%clk 0:01:20]} Qc8+ {[%clk 0:01:18]} 100. Kb6
{[%clk 0:01:28]} Qb8+ {[%clk 0:01:27]} 101. Ka5 {[%clk 0:01:36]} Kh6
{[%clk 0:00:20]} 102. a7 {[%clk 0:01:35]} Qb3 {[%clk 0:00:24]} 103. Qe4
{[%clk 0:01:09]} Qa3+ {[%clk 0:00:17]} 104. Kb6 {[%clk 0:01:16]} Qd6+
{[%clk 0:00:25]} 105. Qc6 {[%clk 0:01:13]} Qb4+ {[%clk 0:00:26]} 106. Kc7
{[%clk 0:00:40]} Qe7+ {[%clk 0:00:28]} 107. Kb8 {[%clk 0:00:40]} Qd8+
{[%clk 0:00:24]} 108. Kb7 {[%clk 0:00:46]} Qe7+ {[%clk 0:00:29]} 109. Qc7
{[%clk 0:00:48]} Qe4+ {[%clk 0:00:21]} 110. Kb6 {[%clk 0:00:38]} Qb4+
{[%clk 0:00:18]} 111. Kc6 {[%clk 0:00:46]} Qe4+ {[%clk 0:00:20]} 112. Kd7
{[%clk 0:00:43]} g5 {[%clk 0:00:17]} 113. Qc5 {[%clk 0:00:23]} Qb7+
{[%clk 0:00:17]} 114. Ke8 {[%clk 0:00:29]} Kg6 {[%clk 0:00:15]} 115. Qc2+
{[%clk 0:00:24]} Kg7 {[%clk 0:00:14]} 116. Qa4 {[%clk 0:00:19]} Qc8+
{[%clk 0:00:14]} 117. Ke7 {[%clk 0:00:27]} Qc5+ {[%clk 0:00:14]} 118. Kd8
{[%clk 0:00:29]} Qd5+ {[%clk 0:00:23]} 119. Qd7+ {[%clk 0:00:38]} 1-0

[Event "Rapid 2018"]
[Site "Saint-Petersburg"]
[Date "2018.12.28"]
[Round "11"]
[Board "59"]
[White "Vokhidov Shamsiddin (UZB)"]
[Black "Gasanov Eldar (UKR)"]
[Result "0-1"]
[LiveChessVersion "1.4.8"]
[BlackElo "2547"]
[WhiteElo "2304"]

1. e4 {[%clk 0:15:18]} e5 {[%clk 0:15:04]} 2. Nf3 {[%clk 0:15:26]} Nc6
{[%clk 0:15:00]} 3. Bb5 {[%clk 0:15:33]} a6 {[%clk 0:15:02]} 4. Ba4
{[%clk 0:15:42]} Nf6 {[%clk 0:15:02]} 5. O-O {[%clk 0:15:49]} Be7
{[%clk 0:15:04]} 6. d3 {[%clk 0:15:56]} d6 {[%clk 0:15:02]} 7. c4
{[%clk 0:15:32]} O-O {[%clk 0:14:42]} 8. Nc3 {[%clk 0:15:35]} Bg4
{[%clk 0:14:16]} 9. h3 {[%clk 0:14:15]} Bh5 {[%clk 0:13:57]} 10. Be3
{[%clk 0:14:17]} Nd7 {[%clk 0:12:56]} 11. g4 {[%clk 0:13:17]} Bg6
{[%clk 0:13:02]} 12. Ne2 {[%clk 0:13:10]} f6 {[%clk 0:11:34]} 13. Ng3
{[%clk 0:12:53]} Nc5 {[%clk 0:11:30]} 14. Bc2 {[%clk 0:11:43]} Re8
{[%clk 0:11:02]} 15. Qd2 {[%clk 0:11:15]} a5 {[%clk 0:09:40]} 16. Nh4
{[%clk 0:10:56]} Ne6 {[%clk 0:09:00]} 17. Ba4 {[%clk 0:10:27]} Bf7
{[%clk 0:08:29]} 18. Ng2 {[%clk 0:10:26]} Ncd4 {[%clk 0:07:54]} 19. f4
{[%clk 0:09:56]} c6 {[%clk 0:07:47]} 20. Nf5 {[%clk 0:08:29]} Bf8
{[%clk 0:07:10]} 21. Qf2 {[%clk 0:07:59]} Nc5 {[%clk 0:06:22]} 22. Bc2
{[%clk 0:07:13]} Nxc2 {[%clk 0:05:35]} 23. Qxc2 {[%clk 0:07:22]} Rc8
{[%clk 0:05:15]} 24. Ng3 {[%clk 0:05:36]} d5 {[%clk 0:04:29]} 25. fxe5
{[%clk 0:05:44]} d4 {[%clk 0:04:26]} 26. Bd2 {[%clk 0:05:13]} fxe5
{[%clk 0:04:25]} 27. Nf5 {[%clk 0:04:55]} b5 {[%clk 0:04:03]} 28. b3
{[%clk 0:05:02]} a4 {[%clk 0:03:55]} 29. b4 {[%clk 0:04:56]} Nxd3
{[%clk 0:02:54]} 30. Qxd3 {[%clk 0:04:56]} Bxc4 {[%clk 0:02:50]} 31. Qf3
{[%clk 0:05:03]} Bxf1 {[%clk 0:02:56]} 32. Rxf1 {[%clk 0:05:12]} Qd7
{[%clk 0:02:59]} 33. Ne1 {[%clk 0:05:11]} c5 {[%clk 0:03:02]} 34. bxc5
{[%clk 0:05:18]} Rxc5 {[%clk 0:03:02]} 35. Nd3 {[%clk 0:04:25]} Rcc8
{[%clk 0:03:00]} 36. Nb4 {[%clk 0:03:53]} Qe6 {[%clk 0:02:40]} 37. Nd5
{[%clk 0:03:55]} Kh8 {[%clk 0:01:49]} 38. Ba5 {[%clk 0:03:12]} g6
{[%clk 0:01:40]} 39. Ng3 {[%clk 0:02:56]} Bd6 {[%clk 0:01:35]} 40. Qd3
{[%clk 0:02:42]} Rf8 {[%clk 0:01:21]} 41. Qxb5 {[%clk 0:02:40]} Rxf1+
{[%clk 0:01:28]} 42. Nxf1 {[%clk 0:02:49]} Qf7 {[%clk 0:01:16]} 43. Qa6
{[%clk 0:01:50]} Rf8 {[%clk 0:01:11]} 44. Be1 {[%clk 0:01:37]} Bc5
{[%clk 0:01:02]} 45. Nh2 {[%clk 0:01:20]} d3+ {[%clk 0:00:55]} 46. Kh1
{[%clk 0:01:24]} d2 {[%clk 0:00:49]} 47. Bxd2 {[%clk 0:01:20]} Qf2
{[%clk 0:00:57]} 48. Be3 {[%clk 0:00:34]} Bxe3 {[%clk 0:00:51]} 49. Nxe3
{[%clk 0:00:42]} Qxe3 {[%clk 0:00:57]} 0-1

[Event "Rapid 2018"]
[Site "Saint-Petersburg"]
[Date "2018.12.28"]
[Round "11"]
[Board "60"]
[White "Nihal Sarin (IND)"]
[Black "Yilmaz Mustafa (TUR)"]
[Result "1/2-1/2"]
[LiveChessVersion "1.4.8"]
[BlackElo "2546"]
[WhiteElo "2173"]

1. d4 {[%clk 0:15:02]} Nf6 {[%clk 0:15:17]} 2. Nf3 {[%clk 0:15:10]} d5
{[%clk 0:15:06]} 3. c4 {[%clk 0:15:15]} e6 {[%clk 0:15:13]} 4. g3
{[%clk 0:15:23]} dxc4 {[%clk 0:14:18]} 5. Bg2 {[%clk 0:15:32]} c5
{[%clk 0:14:26]} 6. O-O {[%clk 0:15:40]} Nc6 {[%clk 0:14:34]} 7. dxc5
{[%clk 0:15:44]} Qxd1 {[%clk 0:14:40]} 8. Rxd1 {[%clk 0:15:52]} Bxc5
{[%clk 0:14:47]} 9. Nbd2 {[%clk 0:16:00]} c3 {[%clk 0:14:43]} 10. bxc3
{[%clk 0:16:08]} O-O {[%clk 0:14:49]} 11. Nb3 {[%clk 0:16:16]} Be7
{[%clk 0:14:48]} 12. c4 {[%clk 0:16:23]} Bd7 {[%clk 0:14:13]} 13. Bb2
{[%clk 0:16:28]} Rfd8 {[%clk 0:14:11]} 14. Nfd4 {[%clk 0:16:36]} Rac8
{[%clk 0:14:19]} 15. Nb5 {[%clk 0:16:45]} b6 {[%clk 0:14:07]} 16. Nd6
{[%clk 0:16:53]} Bxd6 {[%clk 0:14:00]} 17. Rxd6 {[%clk 0:17:00]} Be8
{[%clk 0:14:06]} 18. Rd3 {[%clk 0:17:08]} Nb4 {[%clk 0:13:57]} 19. Rxd8
{[%clk 0:17:14]} Rxd8 {[%clk 0:14:05]} 20. Bc3 {[%clk 0:17:23]} a5
{[%clk 0:13:50]} 21. c5 {[%clk 0:16:30]} bxc5 {[%clk 0:12:55]} 22. Nxc5
{[%clk 0:15:54]} Bb5 {[%clk 0:12:38]} 23. Nb7 {[%clk 0:15:06]} Rc8
{[%clk 0:12:17]} 24. Bxb4 {[%clk 0:14:00]} axb4 {[%clk 0:12:23]} 25. Nd6
{[%clk 0:14:08]} Rc5 {[%clk 0:09:50]} 26. Nxb5 {[%clk 0:14:04]} Rxb5
{[%clk 0:09:58]} 27. Rb1 {[%clk 0:14:13]} Kf8 {[%clk 0:08:01]} 28. a4
{[%clk 0:13:59]} Rb6 {[%clk 0:07:41]} 29. a5 {[%clk 0:14:07]} Ra6
{[%clk 0:07:41]} 30. Rxb4 {[%clk 0:14:14]} Rxa5 {[%clk 0:07:46]} 1/2-1/2

[Event "Rapid 2018"]
[Site "Saint-Petersburg"]
[Date "2018.12.28"]
[Round "11"]
[Board "61"]
[White "Le Quang Liem (VIE)"]
[Black "Oganian Miran (RUS)"]
[Result "1-0"]
[LiveChessVersion "1.4.8"]
[BlackElo "2506"]
[WhiteElo "2752"]

1. c4 {[%clk 0:15:18]} Nf6 {[%clk 0:15:18]} 2. Nc3 {[%clk 0:15:25]} e6
{[%clk 0:15:26]} 3. e4 {[%clk 0:15:33]} d5 {[%clk 0:15:32]} 4. cxd5
{[%clk 0:15:40]} exd5 {[%clk 0:15:41]} 5. e5 {[%clk 0:15:49]} Ne4
{[%clk 0:15:48]} 6. Nf3 {[%clk 0:15:54]} Nc6 {[%clk 0:15:07]} 7. Bb5
{[%clk 0:15:59]} Nxc3 {[%clk 0:14:04]} 8. dxc3 {[%clk 0:16:04]} Be7
{[%clk 0:13:56]} 9. O-O {[%clk 0:16:07]} O-O {[%clk 0:14:03]} 10. Bd3
{[%clk 0:16:05]} Bg4 {[%clk 0:13:34]} 11. Re1 {[%clk 0:16:06]} Qd7
{[%clk 0:13:02]} 12. h3 {[%clk 0:16:02]} Bh5 {[%clk 0:11:55]} 13. Bf4
{[%clk 0:16:08]} Bg6 {[%clk 0:11:39]} 14. Qd2 {[%clk 0:13:35]} Nd8
{[%clk 0:10:06]} 15. Rad1 {[%clk 0:13:11]} Ne6 {[%clk 0:09:42]} 16. Bh2
{[%clk 0:11:00]} Rad8 {[%clk 0:09:39]} 17. Nd4 {[%clk 0:09:45]} Bc5
{[%clk 0:07:24]} 18. Nf5 {[%clk 0:07:36]} Bb6 {[%clk 0:05:36]} 19. g4
{[%clk 0:07:29]} Rfe8 {[%clk 0:05:31]} 20. Bg3 {[%clk 0:07:15]} Nc5
{[%clk 0:03:05]} 21. Bc2 {[%clk 0:07:20]} Bxf5 {[%clk 0:02:46]} 22. gxf5
{[%clk 0:07:20]} Qe7 {[%clk 0:02:53]} 23. Qf4 {[%clk 0:07:20]} f6
{[%clk 0:01:58]} 24. Qg4 {[%clk 0:05:36]} Ne4 {[%clk 0:01:15]} 25. Bxe4
{[%clk 0:05:09]} dxe4 {[%clk 0:01:24]} 26. exf6 {[%clk 0:04:39]} Rxd1
{[%clk 0:01:19]} 27. fxe7 {[%clk 0:04:18]} Rxe1+ {[%clk 0:01:28]} 28. Kg2
{[%clk 0:04:27]} Rxe7 {[%clk 0:01:02]} 29. f6 {[%clk 0:04:35]} Rf7
{[%clk 0:01:11]} 30. Qc8+ {[%clk 0:04:41]} Rf8 {[%clk 0:01:19]} 31. Qe6+
{[%clk 0:04:48]} Rf7 {[%clk 0:01:04]} 32. Qe8+ {[%clk 0:04:56]} 1-0

[Event "Rapid 2018"]
[Site "Saint-Petersburg"]
[Date "2018.12.28"]
[Round "11"]
[Board "62"]
[White "Khismatullin Denis (RUS)"]
[Black "Sokolin Leonid (USA)"]
[Result "1/2-1/2"]
[LiveChessVersion "1.4.8"]
[BlackElo "2508"]
[WhiteElo "2632"]

1. Nf3 {[%clk 0:15:14]} e6 {[%clk 0:15:14]} 2. b3 {[%clk 0:15:08]} f5
{[%clk 0:15:21]} 3. Bb2 {[%clk 0:15:13]} Nf6 {[%clk 0:15:30]} 4. g3
{[%clk 0:15:03]} d5 {[%clk 0:15:14]} 5. Bg2 c6 6. O-O {[%clk 0:15:17]} Bd6
{[%clk 0:15:32]} 7. d3 {[%clk 0:14:42]} O-O {[%clk 0:15:40]} 8. Nbd2
{[%clk 0:14:25]} Nbd7 {[%clk 0:15:43]} 9. e4 {[%clk 0:13:42]} fxe4
{[%clk 0:15:46]} 10. dxe4 {[%clk 0:13:47]} e5 {[%clk 0:15:55]} 11. Qe2
{[%clk 0:11:59]} Re8 {[%clk 0:15:45]} 12. Rad1 {[%clk 0:10:59]} Qc7
{[%clk 0:14:53]} 13. exd5 {[%clk 0:09:31]} cxd5 {[%clk 0:15:01]} 14. c4
{[%clk 0:09:40]} d4 {[%clk 0:14:51]} 15. Ng5 {[%clk 0:09:37]} Nc5
{[%clk 0:10:01]} 16. b4 {[%clk 0:07:38]} Na4 {[%clk 0:07:57]} 17. Nde4
{[%clk 0:06:58]} Nxb2 {[%clk 0:07:29]} 18. Qxb2 {[%clk 0:06:31]} Nxe4
{[%clk 0:05:20]} 19. Bxe4 {[%clk 0:04:55]} g6 {[%clk 0:03:45]} 20. c5
{[%clk 0:04:14]} Bf8 {[%clk 0:03:54]} 21. f4 {[%clk 0:04:00]} Bh6
{[%clk 0:02:43]} 22. Bd5+ {[%clk 0:03:40]} Kg7 {[%clk 0:02:53]} 23. Nf7
{[%clk 0:03:41]} Bh3 {[%clk 0:02:21]} 24. Rfe1 {[%clk 0:02:48]} Qd7
{[%clk 0:02:30]} 25. Nxe5 {[%clk 0:01:23]} Qxd5 {[%clk 0:02:38]} 26. Rxd4
{[%clk 0:01:30]} Qg8 {[%clk 0:02:45]} 27. g4 {[%clk 0:00:37]} Bxg4
{[%clk 0:02:35]} 28. Nxg4 {[%clk 0:00:24]} Rxe1+ {[%clk 0:02:43]} 29. Kf2
{[%clk 0:00:32]} Kf8 {[%clk 0:02:15]} 30. Kxe1 {[%clk 0:00:33]} Qe6+
{[%clk 0:02:15]} 31. Ne5 {[%clk 0:00:41]} Bg7 {[%clk 0:02:17]} 32. Rd6
{[%clk 0:00:28]} Qf5 {[%clk 0:01:47]} 33. Qd4 {[%clk 0:00:29]} Re8
{[%clk 0:01:52]} 34. Rd8 {[%clk 0:00:18]} Qb1+ {[%clk 0:01:42]} 35. Kf2
{[%clk 0:00:17]} Qxa2+ {[%clk 0:01:51]} 36. Kg3 {[%clk 0:00:25]} Qb3+
{[%clk 0:01:56]} 37. Kg2 {[%clk 0:00:21]} Qa2+ {[%clk 0:02:00]} 38. Kf3
{[%clk 0:00:19]} Qb3+ {[%clk 0:02:09]} 39. Kg2 {[%clk 0:00:16]} Qa2+
{[%clk 0:02:18]} 40. Kg3 {[%clk 0:00:21]} 1/2-1/2

[Event "Rapid 2018"]
[Site "Saint-Petersburg"]
[Date "2018.12.28"]
[Round "11"]
[Board "63"]
[White "Salgado Lopez Ivan (ESP)"]
[Black "Gutenev Alexander (RUS)"]
[Result "1/2-1/2"]
[LiveChessVersion "1.4.8"]
[BlackElo "2490"]
[WhiteElo "2618"]

1. d4 {[%clk 0:15:15]} Nf6 {[%clk 0:15:18]} 2. Nf3 {[%clk 0:15:16]} g6
{[%clk 0:15:25]} 3. c3 {[%clk 0:15:20]} Bg7 {[%clk 0:15:31]} 4. Bg5
{[%clk 0:15:25]} b6 {[%clk 0:13:26]} 5. Nbd2 {[%clk 0:15:24]} Bb7
{[%clk 0:13:28]} 6. e3 {[%clk 0:15:07]} h6 {[%clk 0:13:12]} 7. Bh4
{[%clk 0:15:10]} d6 {[%clk 0:11:29]} 8. Bd3 {[%clk 0:14:52]} Nbd7
{[%clk 0:11:37]} 9. O-O {[%clk 0:14:31]} O-O {[%clk 0:11:39]} 10. Re1
{[%clk 0:14:25]} e5 {[%clk 0:10:37]} 11. e4 {[%clk 0:14:30]} Qe8 {[%clk 0:09:59]}
12. a4 {[%clk 0:13:58]} a5 {[%clk 0:10:01]} 13. Qc2 {[%clk 0:13:00]} Nh5
{[%clk 0:10:02]} 14. dxe5 {[%clk 0:12:31]} Nxe5 {[%clk 0:07:57]} 15. Bb5
{[%clk 0:11:59]} Bc6 {[%clk 0:05:54]} 16. Bf1 {[%clk 0:12:05]} Qc8
{[%clk 0:05:00]} 17. Nd4 {[%clk 0:11:14]} Qg4 {[%clk 0:04:48]} 18. Nxc6
{[%clk 0:10:49]} Nxc6 {[%clk 0:04:32]} 19. Bg3 {[%clk 0:10:25]} Nxg3
{[%clk 0:04:39]} 20. hxg3 {[%clk 0:10:33]} Ne5 {[%clk 0:04:35]} 21. Nb3
{[%clk 0:09:59]} Qh5 {[%clk 0:04:19]} 22. f3 {[%clk 0:08:47]} Nd7
{[%clk 0:03:21]} 23. Nd4 {[%clk 0:08:42]} Qc5 {[%clk 0:03:21]} 24. Qf2
{[%clk 0:08:45]} Ne5 {[%clk 0:02:43]} 25. g4 {[%clk 0:08:26]} Rad8
{[%clk 0:02:36]} 26. Nb3 {[%clk 0:05:11]} Qxf2+ {[%clk 0:02:29]} 27. Kxf2
{[%clk 0:05:19]} d5 {[%clk 0:02:11]} 28. Rad1 {[%clk 0:04:40]} dxe4
{[%clk 0:01:58]} 29. Rxd8 {[%clk 0:04:48]} Rxd8 {[%clk 0:02:03]} 30. Rxe4
{[%clk 0:04:56]} Kf8 {[%clk 0:01:58]} 31. Ke1 {[%clk 0:04:25]} Bf6
{[%clk 0:01:32]} 32. Ba6 {[%clk 0:04:06]} Nd7 {[%clk 0:01:05]} 33. Bb5
{[%clk 0:04:07]} Nc5 {[%clk 0:00:50]} 34. Nxc5 {[%clk 0:04:14]} bxc5
{[%clk 0:00:57]} 35. g3 {[%clk 0:04:07]} Be7 {[%clk 0:00:39]} 36. f4
{[%clk 0:04:04]} Rd6 {[%clk 0:00:48]} 37. Bc4 {[%clk 0:03:43]} Rb6
{[%clk 0:00:50]} 38. Re2 {[%clk 0:03:48]} Rd6 {[%clk 0:00:57]} 39. Re5
{[%clk 0:03:20]} Rd8 {[%clk 0:00:43]} 40. Bb5 {[%clk 0:03:15]} Rd6
{[%clk 0:00:32]} 41. Bc4 {[%clk 0:02:57]} Rd8 {[%clk 0:00:40]} 42. Bb5
{[%clk 0:02:16]} Bd6 {[%clk 0:00:43]} 43. Re4 {[%clk 0:02:09]} Be7
{[%clk 0:00:48]} 44. Ke2 {[%clk 0:02:09]} Rd6 {[%clk 0:00:56]} 45. Re5
{[%clk 0:01:43]} Rd8 {[%clk 0:00:39]} 46. Re4 {[%clk 0:01:26]} Rd6
{[%clk 0:00:47]} 47. Bc4 {[%clk 0:01:30]} Rb6 {[%clk 0:00:51]} 48. b3
{[%clk 0:01:37]} Rd6 {[%clk 0:00:58]} 49. Re5 {[%clk 0:01:37]} Rd8
{[%clk 0:01:06]} 50. Rd5 {[%clk 0:01:17]} Bd6 {[%clk 0:00:38]} 51. Bb5
{[%clk 0:01:19]} Ke7 {[%clk 0:00:33]} 52. Kd3 {[%clk 0:01:22]} g5
{[%clk 0:00:21]} 53. Ke4 {[%clk 0:01:15]} Rg8 {[%clk 0:00:26]} 54. Kf3
{[%clk 0:01:24]} Rg6 {[%clk 0:00:27]} 55. Bc4 {[%clk 0:01:21]} Rf6
{[%clk 0:00:27]} 56. f5 {[%clk 0:01:14]} c6 {[%clk 0:00:36]} 57. Rd3
{[%clk 0:01:21]} Bc7 {[%clk 0:00:43]} 58. Re3+ {[%clk 0:01:28]} Kf8
{[%clk 0:00:48]} 59. Rd3 {[%clk 0:00:42]} Rd6 {[%clk 0:00:55]} 60. Rxd6
{[%clk 0:00:39]} 1/2-1/2

[Event "Rapid 2018"]
[Site "Saint-Petersburg"]
[Date "2018.12.28"]
[Round "11"]
[Board "64"]
[White "Gordievsky Dmitry (RUS)"]
[Black "Smirin Ilia (ISR)"]
[Result "0-1"]
[LiveChessVersion "1.4.8"]
[BlackElo "2601"]
[WhiteElo "2496"]

1. d4 {[%clk 0:14:22]} Nf6 {[%clk 0:15:12]} 2. Nf3 {[%clk 0:14:22]} g6
{[%clk 0:15:16]} 3. Nbd2 {[%clk 0:14:27]} Bg7 {[%clk 0:15:11]} 4. e4
{[%clk 0:14:35]} d6 {[%clk 0:15:19]} 5. Bd3 {[%clk 0:14:43]} O-O {[%clk 0:15:19]}
6. O-O {[%clk 0:14:51]} Nc6 {[%clk 0:15:09]} 7. c3 {[%clk 0:14:56]} e5
{[%clk 0:15:04]} 8. dxe5 {[%clk 0:14:56]} Nxe5 {[%clk 0:14:57]} 9. Nxe5
{[%clk 0:15:02]} dxe5 {[%clk 0:15:06]} 10. Nc4 {[%clk 0:14:51]} Qe7
{[%clk 0:14:08]} 11. Bg5 {[%clk 0:14:52]} a5 {[%clk 0:13:28]} 12. a4
{[%clk 0:14:43]} b6 {[%clk 0:13:20]} 13. Ne3 {[%clk 0:11:17]} Bb7
{[%clk 0:12:51]} 14. Qc2 {[%clk 0:09:38]} h6 {[%clk 0:12:07]} 15. Bh4
{[%clk 0:09:45]} Qc5 {[%clk 0:12:15]} 16. Rfe1 {[%clk 0:09:42]} Nh5
{[%clk 0:10:54]} 17. f3 {[%clk 0:09:50]} Nf4 {[%clk 0:11:03]} 18. Bf1
{[%clk 0:09:20]} h5 {[%clk 0:10:37]} 19. Bf2 {[%clk 0:09:16]} Qe7
{[%clk 0:10:43]} 20. Rad1 {[%clk 0:08:51]} h4 {[%clk 0:09:35]} 21. Rd2
{[%clk 0:08:37]} Qg5 {[%clk 0:08:57]} 22. Kh1 {[%clk 0:08:30]} f5
{[%clk 0:09:04]} 23. Rd7 {[%clk 0:07:12]} Rac8 {[%clk 0:09:11]} 24. Nd5
{[%clk 0:05:17]} fxe4 {[%clk 0:09:00]} 25. fxe4 {[%clk 0:01:07]} Bxd5
{[%clk 0:06:07]} 26. exd5 {[%clk 0:01:11]} Qg4 {[%clk 0:06:16]} 27. Rxg7+
{[%clk 0:00:22]} Kxg7 {[%clk 0:06:25]} 28. Qe4 {[%clk 0:00:18]} Rce8
{[%clk 0:05:52]} 29. Bg1 {[%clk 0:00:12]} Qf5 {[%clk 0:05:17]} 30. Bb5
{[%clk 0:00:13]} Re7 {[%clk 0:04:12]} 31. Bc6 {[%clk 0:00:12]} h3
{[%clk 0:04:08]} 32. gxh3 {[%clk 0:00:15]} Qxe4+ {[%clk 0:03:54]} 33. Rxe4
{[%clk 0:00:24]} Nxh3 {[%clk 0:04:02]} 34. d6 {[%clk 0:00:15]} Rf1
{[%clk 0:03:53]} 35. Rg4 {[%clk 0:00:14]} 0-1